| 000 | 01186nam a2200373 i 4500 | ||
|---|---|---|---|
| 001 | 21169 | ||
| 003 | KOSZ 005 | ||
| 005 | 20200814083928.0 | ||
| 008 | 991116s1982 pl a |001 0 pol | ||
| 015 | _aPB 1982/6652 | ||
| 020 | _a8320403804 | ||
| 035 | _a(OCoLC)749165771 | ||
| 040 |
_aWA N _cWA N _dKOSZ 005/HR |
||
| 041 | 0 | _apol | |
| 046 | _k1982 | ||
| 080 | _a621.6 | ||
| 100 | 1 |
_aPalarski, Jan _d(1947- ). _eAutor |
|
| 245 | 1 | 0 |
_aHydrotransport / _cJan Palarski. |
| 260 |
_aWarszawa : _bWydawnictwa Naukowo-Techniczne, _c1982. |
||
| 300 |
_a417, [3] s. : _bil. tab. wykr. ; _c24 cm. |
||
| 336 |
_2rdacontent _aTekst _btxt |
||
| 337 |
_2rdamedia _aBez urządzenia pośredniczącego _bn |
||
| 338 |
_2rdacarrier _aWolumin _bnc |
||
| 380 | _aKsiążki | ||
| 388 | _a1901-2000 | ||
| 388 | _a1945-1989 | ||
| 504 | _aBibliogr. s. 400-403. - Indeks. | ||
| 658 | _aTransport i logistyka | ||
| 658 | _aInżynieria i technika | ||
| 650 | 4 | _aTransport hydrauliczny | |
| 710 | 2 |
_aWydawnictwa Naukowo-Techniczne _4pbl. |
|
| 856 |
_uhttp://koha.tu.koszalin.pl/cgi-bin/koha/opac-detail.pl?biblionumber=21169 _yKatalog online BPK |
||
| 942 |
_2UKD _cKS |
||
| 999 |
_c21169 _d21169 |
||